ARRUPE JESUIT UNIVERSITY

CORONAVIRUS -STOP THE SPREAD - CLEAN,DISINFECT,COVER

Made for happiness (Record no. 3428)

MARC details
000 -LEADER
fixed length control field 00636nam a2200229Ia 4500
003 - CONTROL NUMBER IDENTIFIER
control field 0100
008 - FIXED-LENGTH DATA ELEMENTS--GENERAL INFORMATION
fixed length control field 130227s9999 xx 000 0 und d
040 ## - CATALOGING SOURCE
Transcribing agency ARRUPELIB
050 ## - LIBRARY OF CONGRESS CALL NUMBER
Classification number B491.E7V3613 2001
100 ## - MAIN ENTRY--PERSONAL NAME
Personal name Vanier, Jean
245 ## - TITLE STATEMENT
Title Made for happiness
245 ## - TITLE STATEMENT
Remainder of title discovering the meaning of life with Aristotle
260 ## - PUBLICATION, DISTRIBUTION, ETC. (IMPRINT)
Place of publication, distribution, etc London
260 ## - PUBLICATION, DISTRIBUTION, ETC. (IMPRINT)
Name of publisher, distributor, etc Darton, Longman and Todd
260 ## - PUBLICATION, DISTRIBUTION, ETC. (IMPRINT)
-- 2001
300 ## - PHYSICAL DESCRIPTION
Extent xv
300 ## - PHYSICAL DESCRIPTION
Other physical details 203p. 22cm.
650 ## - SUBJECT ADDED ENTRY--TOPICAL TERM
Topical term following geographic name as entry element United States--Politics and government--1801-1809
650 ## - SUBJECT ADDED ENTRY--TOPICAL TERM
Location of event United States--Politics and government--1809-1817
700 ## - ADDED ENTRY--PERSONAL NAME
Personal name Spink, Kathryn tr.
942 ## - ADDED ENTRY ELEMENTS (KOHA)
Source of classification or shelving scheme Library of Congress Classification
Koha issues (borrowed), all copies 7
Holdings
Withdrawn status Lost status Source of classification or shelving scheme Damaged status Not for loan Collection code Home library Current library Shelving location Date acquired Total Checkouts Full call number Barcode Date last seen Date last borrowed Copy number Price effective from Koha item type
    Library of Congress Classification     Main Collection ARRUPE LIBRARY ARRUPE LIBRARY   27/02/2013 9 B491.E7V3613 2001 46404488 07/03/2017 21/02/2017 1 27/02/2013 Monograph ( Printed materials)

 

Arrupe Library. PO Box MP320 Mt Pleasant, Harare, Zimbabwe
263 242 745411|librarian@aju.ac.zw